000 00714nam a2200265 a 4500
008
020 _a1899066411(pbk)
049 _aMAIN
090 _aRC591
100 1 _aLevy, Mark L.
245 1 0 _aShared care for asthma/
_cMark. L. Levy; et...al.
260 _aOxford :
_bISIS Mediacl Media ;
_c1997
300 _ax, 219 p. :
_bill. ;
_c21 cm.
500 _aIncludes index.
650 1 _aAsthma
700 _aClark, Roland A.
700 _aChauhan, Anoop J.
700 _aHolgate, Stephen T.
700 _aCouriel, Jon M.
907 _a.b10195324
_b09-03-06
_c09-03-06
003
005 20230123134158.0
040 _cNUST
942 _cBOOKS
_kRC591
999 _c161414
_d161414